[Event "Moscow op-A 19th"]
[Site "Moscow"]
[Date "2023.07.18"]
[Round "2"]
[White "Nesterov, Arseniy"]
[Black "Demkin, Igor"]
[Result "1-0"]
[WhiteElo "2554"]
[BlackElo "2082"]
[PlyCount "70"]
[EventDate "2023.07.17"]
[EventType "swiss"]
[EventRounds "9"]
[EventCountry "RUS"]
[SourceTitle "CBM 215 Extra"]
[Source "ChessBase"]
[SourceDate "2023.09.30"]
[SourceVersion "1"]
[SourceVersionDate "2023.09.30"]
[SourceQuality "1"]

1. Nf3 d5 2. c4 dxc4 3. Na3 c5 4. Nxc4 Nc6 5. d3 f6 6. g3 e5 7. Bg2 Be6 8. Be3 Qd7 9. 0-0 Rc8 10. a4 g6 11. Nfd2 Bd5 12. Ne4 f5 13. Nxc5 Bxc5 14. Bxc5 Bxg2 15. Nd6+ Kd8 16. Kxg2 Rc7 17. Rc1 Nf6 18. Qd2 Qe6 19. Nb5 Rd7 20. Nxa7 Nxa7 21. Qa5+ Ke8 22. Bxa7 Kf7 23. Rc7 Ra8 24. Rfc1 Nd5 25. Rxd7+ Qxd7 26. e4 Ne7 27. Rc7 Rxa7 28. Qc5 Qd8 29. Rxe7+ Qxe7 30. Qxa7 fxe4 31. Qe3 Qb4 32. Qxe4 Qxb2 33. Qd5+ Ke7 34. Qg8 Qd4 35. Qxh7+ Kf6 1-0